000 00623nam a2200277Ia 4500
001 Z_2405
003 CHAP
008 220113s1967 xx 000 0 und d
010 _a165461
040 _cCHAP
082 _a311.21 Y3
100 _aYamane, Taro
_9122965
245 _aElementary sampling theory /
_cby Taro Yamane
260 _aEnglenwood Cliffs :
_bPrentice Hall,
_c1967
300 _a405 p.
440 _a
500 _aFotocopĂ­a
503 _a
650 _aMuestreo estadĂ­stico
_979288
901 _a311.21 Y3
902 _aA
910 _a1967
942 _c1
942 _cc1
999 _c165461
_d165461